000 00566nam a2200193Ia 4500
005 20250508164809.0
008 008 250505s9999 xx 000 0 eng d
037 _aTheses
040 _aFEDL
_beng
_cFEDL
041 _aeng
_2eng
084 _a371.713, PRE/TH
_qFEDL
100 _aPrema Sundararajan
_9779183
245 0 _aDevelopment of a need based mental health programme for adolescent girls
260 _c2000
300 _a308p.
546 _aPH.D Thesis (Delhi University)
942 _cTH
_h371.713, PRE/TH
999 _c1391235
_d1391235